| 000 | 00773nas a2200253 4500 | ||
|---|---|---|---|
| 001 | BR0301848 | ||
| 003 | BR-BrBNA | ||
| 005 | 20231205103707.0 | ||
| 007 | ta | ||
| 008 | 230509b bl.|||p| |||| 00| 00por d | ||
| 040 |
_aBR-BrBNA _bpor _cBiblioteca Nacional de Agricultura |
||
| 041 | _a(Pt) | ||
| 072 | _aF30 | ||
| 100 | 1 | _aFarias Neto, J.T. de | |
| 100 | 1 | _aYokomizo, G. | |
| 100 | 1 | _aBianchetti, A. | |
| 245 | 1 | _aCoeficientes de repetibilidade genética de caracteres em pupunheira | |
| 650 | _aPUPUNHA | ||
| 650 | _aMELHORAMENTO GENÉTICO VEGETAL | ||
| 650 | _aAMAPÁ | ||
| 773 | 0 |
_tRevista Brasileira de Fruticultura (Brazil) _xISSN 0100-2945 _g(Dec 2002), v. 24(3) p. 731-733 _wBR0301848 |
|
| 909 |
_a202311 _bLúcia _c55 _dLúcia Elande |
||
| 942 |
_2AGRIS _n0 _cANA |
||
| 999 |
_c174249 _d174249 |
||